00709nam a2200229Ia 4500003000900000008004100009040001300050040001300063041000800076100002000084245008000104250001100184260001100195260000900206300001200215300001200227490001400239490000600253942000700259999001700266952019600283IT-RoPAU120407s9999 xx 000 0 und d aIT-RoPAU cIT-RoPAU aita aDante Alighieri aTutte le opere. A cura di Fredi Chiappelli. Edizione del Centenario. 5 ed.  aMilano aMursia c1965 a1169 p. c21,5 cm aLe Corone v1 cBK c24573d24573 00102ddc406808_31000000000000071aPAULUSbPAULUSd2012-04-11l0o808.31r2012-04-11 00:00:00w2012-04-11yBKzInserito da: Mario In data: 06 agosto 2011 fondo: Via A.Severo 56 Progr:35722